The Theory of Money and Financial Institutions /

Đã lưu trong:
Chi tiết về thư mục
Tác giả chính: Shubik, Martin (autor)
Định dạng: Sách
Ngôn ngữ:Tiếng Anh
Được phát hành: Cambridge, EUA : Massachusetts Institute of Technology, 1999, c1999
Những chủ đề:
Các nhãn: Thêm thẻ
Không có thẻ, Là người đầu tiên thẻ bản ghi này!

MARC

LEADER 00000nam^a2200000^a^4500
001 000182677
005 20250521000000.0
009 20260310102014.21
020 |a 0-262-19427-9 
020 |a 0-262-19428-7 
037 |a Acervo ITESO - Biblioteca 
041 |a ING 
082 |a 332. 401  |b SHU 
100 |a Shubik, Martin  |e (autor) 
245 1 4 |a The Theory of Money and Financial Institutions /  |c M. Shubik. 
264 4 |a Cambridge, EUA :  |b Massachusetts Institute of Technology,  |c 1999, c1999 
300 |a 2 v. (XI, 453, XI, 372 p.) 
336 |a texto  |b txt  |2 rdacontenido 
337 |a sin mediación  |b n  |2 rdamedio 
338 |a volumen  |b nc  |2 rdasoporte 
649 |a XX 
650 |a Dinero -  |x Teoría 
650 |a Transacción 
650 |a Crédito 
650 |a Costos 
650 |a Flujos de Capital 
650 |a Instrumentos Financieros 
650 |a Equilibrio (Economía) 
650 |a Teoría de Juegos 
650 |a Análisis Matemático 
650 |a Instituciones Económicas 
650 |a Política Económica 
650 |a Finanzas 
650 |a Economía 
910 |a Fondo General 
920 |a Impresos - Libros 
930 |a Colección General 
905 |a 101 
901 |a 0500122801  |b IT1  |c ACC  |u 20250521 
901 |a 0500122872  |b IT1  |c ACC  |u 20250521 
902 |a https://opac.biblio.iteso.mx/vufind/Record/000182677